Saber-toothed tiger and other ice age mammals /

Describes such Ice Age mammals as the saber-toothed tiger, mastodon, and cave bear.

Bibliographic Details
Main Author: Cole, Joanna
Other Authors: Rosier, Lydia
Format: Book
Language:English
Published: New York : Morrow, 1977.
Subjects:

MARC

Tag First Indicator Second Indicator Subfields
LEADER 00000pam a2200000 i 4500
001 in00000615921
005 20151015050911.0
008 770527s1977 nyua j 00010 eng
010 |a  77009957  
020 |z 0688221203. 
020 |a 0688321208 (lib. bdg.) 
035 |a (OCoLC)03072514 
035 |9 ACT3058AM 
040 |a DLC  |c DLC  |d TXA  |d UtOrBLW 
049 |a [Curr Col] TXAM  |c [1539700] 
050 0 0 |a QE882.C15  |b C64 
082 0 |a 569 
100 1 |a Cole, Joanna. 
245 1 0 |a Saber-toothed tiger and other ice age mammals /  |c Joanna Cole ; illustrated by Lydia Rosier. 
264 1 |a New York :  |b Morrow,  |c 1977. 
300 |a 47 pages :  |b illustrations ;  |c 27 cm. 
336 |a text  |b txt  |2 rdacontent 
337 |a unmediated  |b n  |2 rdamedia 
338 |a volume  |b nc  |2 rdacarrier 
520 |a Describes such Ice Age mammals as the saber-toothed tiger, mastodon, and cave bear. 
650 0 |a Smilodon  |x Juvenile literature. 
650 0 |a Mammals, Fossil  |v Juvenile literature. 
650 0 |a Paleontology  |y Pleistocene  |x Juvenile literature. 
650 1 |a Mammals, Fossil. 
650 1 |a Paleontology. 
700 1 |a Rosier, Lydia. 
999 |a MARS 
999 f f |s fab58a88-457e-38ac-9b47-54f65bd76474  |i 6f492e58-4fc0-3cc7-a55b-778e4fed710d  |t 0 
952 f f |p ric  |a Texas A&M University  |b Rellis Campus  |c Joint Library Facility  |d Remote Storage  |t 0  |e QE882.C15 C64  |h Library of Congress classification  |i unmediated -- volume  |m A14800254266 
998 f f |a QE882.C15 C64  |t 0  |l Remote Storage